[Event "Chessable Masters Div 3 W"]
[Site "chess.com INT"]
[Date "2023.04.03"]
[Round "1.1"]
[White "Tabatabaei, M. Amin"]
[Black "Shimanov, Aleksandr"]
[Result "1-0"]
[WhiteTitle "GM"]
[BlackTitle "GM"]
[WhiteElo "2677"]
[BlackElo "2581"]
[WhiteFideId "12521213"]
[BlackFideId "4198603"]
[EventDate "2023.04.03"]
[EventType "k.o."]

1. c4 e6 2. Nc3 Nf6 3. d4 d5 4. cxd5 Nxd5 5. e4 Nxc3 6. bxc3 c5 7. Nf3 cxd4 8.
cxd4 Bb4+ 9. Bd2 Bxd2+ 10. Qxd2 O-O 11. Bc4 b5 12. Bxb5 Bb7 13. d5 exd5 14. e5
d4 15. Nxd4 Bxg2 16. Rg1 Be4 17. Rd1 a6 18. Bc4 Qc7 19. Qf4 Bg6 20. Rxg6 hxg6
21. Ne6 Qa5+ 22. Kf1 Nc6 23. Nxf8 Rxf8 24. e6 Ne5 25. Rd5 fxe6 26. Qxf8+ Kxf8
27. Rxa5 1-0

[Event "Chessable Masters Div 3 W"]
[Site "chess.com INT"]
[Date "2023.04.03"]
[Round "1.2"]
[White "Shimanov, Aleksandr"]
[Black "Tabatabaei, M. Amin"]
[Result "0-1"]
[WhiteTitle "GM"]
[BlackTitle "GM"]
[WhiteElo "2581"]
[BlackElo "2677"]
[WhiteFideId "4198603"]
[BlackFideId "12521213"]
[EventDate "2023.04.03"]
[EventType "k.o."]

1. e4 e5 2. Nf3 Nc6 3. Nc3 Nf6 4. Bb5 Bd6 5. d3 a6 6. Ba4 O-O 7. Bg5 h6 8. Bd2
b5 9. Bb3 Be7 10. g4 d6 11. h3 Na5 12. Ne2 Nxb3 13. axb3 d5 14. Ng3 dxe4 15.
dxe4 Bb7 16. Qe2 Nxe4 17. Be3 Nxg3 18. fxg3 f5 19. gxf5 Rxf5 20. Rf1 Qd5 21. Nd2
Rxf1+ 22. Qxf1 Rf8 23. Qg1 Bc8 24. g4 Bh4+ 25. Ke2 Qc6 26. c3 Be6 27. Kd1 Qd7
28. Kc1 Qd3 29. Ra3 a5 30. b4 a4 31. c4 Qd7 32. Qd1 Qc6 33. Bc5 Rd8 34. Qe2 Qh1+
35. Kc2 Bf7 36. Ne4 Bxc4 37. Qf3 Bb3+ 38. Rxb3 axb3+ 39. Qxb3+ Kh8 40. Nc3 Qxh3
41. Qe6 Qd3+ 42. Kb3 Bf6 43. Ka2 e4 44. Qxe4 Bxc3 0-1

[Event "Chessable Masters Div 3 W"]
[Site "chess.com INT"]
[Date "2023.04.03"]
[Round "1.1"]
[White "Fier, Alexandr"]
[Black "Lobanov, Sergei"]
[Result "1-0"]
[WhiteTitle "GM"]
[BlackTitle "GM"]
[WhiteElo "2599"]
[BlackElo "2536"]
[WhiteFideId "2107139"]
[BlackFideId "24183750"]
[EventDate "2023.04.03"]
[EventType "k.o."]

1. e4 e5 2. Nf3 Nc6 3. Bc4 Nf6 4. Ng5 d5 5. exd5 Na5 6. Bb5+ c6 7. dxc6 bxc6 8.
Bd3 Nd5 9. Nf3 Bd6 10. Nc3 f5 11. Nxd5 cxd5 12. Bb5+ Bd7 13. Bxd7+ Qxd7 14. d3
O-O 15. O-O Nc6 16. c3 Kh8 17. Qa4 Rae8 18. Bd2 Qc7 19. h3 e4 20. dxe4 dxe4 21.
Nd4 Nxd4 22. cxd4 f4 23. Rae1 Qe7 24. f3 e3 25. Bc3 Qb7 26. Re2 Re7 27. Rd1 Qd5
28. Bb4 Rb8 29. Bxd6 Qxd6 30. d5 Rc7 31. Kh2 h6 32. Rd4 Rbc8 33. Re4 Kh7 34. Qd4
Rd8 35. Re5 Rf7 36. Qe4+ Qg6 37. h4 Qxe4 38. fxe4 g6 39. Rc2 Rd6 40. Re8 g5 41.
h5 g4 42. Rcc8 e2 43. e5 Rf5 44. Rc7+ 1-0

[Event "Chessable Masters Div 3 W"]
[Site "chess.com INT"]
[Date "2023.04.03"]
[Round "1.2"]
[White "Lobanov, Sergei"]
[Black "Fier, Alexandr"]
[Result "1-0"]
[WhiteTitle "GM"]
[BlackTitle "GM"]
[WhiteElo "2536"]
[BlackElo "2599"]
[WhiteFideId "24183750"]
[BlackFideId "2107139"]
[EventDate "2023.04.03"]
[EventType "k.o."]

1. d4 Nf6 2. c4 g6 3. Nc3 d5 4. cxd5 Nxd5 5. Bd2 Nb6 6. Nf3 Nc6 7. Bf4 Bg7 8. e3
O-O 9. Bb5 Be6 10. Bxc6 bxc6 11. O-O Rb8 12. Ne5 Bxe5 13. Bxe5 Nc4 14. b3 Nxe5
15. dxe5 c5 16. Rc1 c4 17. bxc4 Bxc4 18. Re1 Qxd1 19. Rexd1 Rfd8 20. h4 c5 21.
Rxd8+ Rxd8 22. Ne4 Bxa2 23. Ra1 Bd5 24. Nxc5 Rc8 25. Ra5 Rc7 26. e4 Bc4 27. f3
a6 28. Kf2 Bb5 29. Nxa6 Rc2+ 30. Kg1 Bxa6 31. Rxa6 Rc5 32. e6 f5 33. exf5 gxf5
34. Ra8+ Kg7 35. Re8 Kf6 36. Rf8+ Kxe6 37. Rh8 Kf6 38. Rxh7 Rc4 39. Kh2 Kg6 40.
Rh8 e5 41. Kh3 e4 42. fxe4 Rxe4 43. Rg8+ Kf7 44. Ra8 Re3+ 45. Kh2 Kg6 46. Ra4
Rd3 47. Rf4 Rc3 48. g3 Rc2+ 49. Kg1 Rb2 50. Rf2 Rb3 51. Kg2 Rc3 52. Ra2 Kh5 53.
Ra6 Rc2+ 54. Kf3 Rc3+ 55. Kf4 Rc1 56. Kxf5 Rf1+ 57. Ke4 Rg1 58. Ra5+ Kh6 59. Kf3
Rf1+ 60. Kg4 Rf6 61. Rf5 Ra6 62. Re5 Ra4+ 63. Kh3 Ra3 64. Rf5 Rb3 65. Kg4 Ra3
66. Rf6+ Kg7 67. Rc6 Kh7 68. h5 Ra4+ 69. Kg5 Ra5+ 70. Kh4 Rd5 71. g4 Rb5 72.
Rc7+ Kg8 73. h6 Rd5 74. g5 Rb5 75. Rd7 Rc5 76. Kg4 Rb5 77. g6 Rb4+ 78. Kf5 Rb5+
79. Ke6 Rb6+ 80. Rd6 Rb8 81. Ke7 1-0

[Event "Chessable Masters Div 3 W"]
[Site "chess.com INT"]
[Date "2023.04.03"]
[Round "1.3"]
[White "Lobanov, Sergei"]
[Black "Fier, Alexandr"]
[Result "1/2-1/2"]
[WhiteTitle "GM"]
[BlackTitle "GM"]
[WhiteElo "2536"]
[BlackElo "2599"]
[WhiteFideId "24183750"]
[BlackFideId "2107139"]
[EventDate "2023.04.03"]
[EventType "k.o."]

1. d4 d5 2. c4 c6 3. Nf3 Nf6 4. e3 e6 5. b3 Ne4 6. Bd3 Bb4+ 7. Nfd2 f5 8. O-O
O-O 9. Ba3 Nxd2 10. Bxb4 Nxf1 11. Bxf1 Rf6 12. Nd2 a5 13. Bc3 a4 14. bxa4 Nd7
15. Rb1 b6 16. a5 bxa5 17. Qa4 Qc7 18. Nb3 Nb6 19. Qa3 Ba6 20. cxd5 Bxf1 21. d6
Nc4 22. Qa4 Nxd6 23. Rxf1 Ne4 24. Bxa5 Rh6 25. g3 Qd6 26. Qc4 Qd5 27. Qxd5 cxd5
28. Rc1 g5 29. Rc6 g4 30. a3 Ng5 31. Bb4 Nf3+ 32. Kf1 Nxh2+ 33. Ke2 Nf3 34. Nc5
Ng5 35. a4 Rb8 36. Bc3 Ne4 37. Nxe4 fxe4 38. a5 Rf6 39. a6 Rf7 40. Rxe6 Rb3 41.
Be1 Ra3 42. Rd6 Ra2+ 43. Kf1 Rf5 44. Rb6 Kg7 45. Rb7+ Rf7 46. Rb5 Rxa6 47. Rxd5
Ra1 48. Rg5+ Kh6 49. Rxg4 Rb7 50. Rxe4 Rbb1 51. Kg2 Rxe1 52. Rf4 Kg7 53. Kf3 Ra6
54. d5 Rf6 55. Kg4 Rxf4+ 56. Kxf4 Kf6 57. e4 h6 58. g4 Re2 59. f3 Re1 60. Kg3
Ke5 61. Kh4 Rh1+ 62. Kg3 Re1 63. Kh4 Rh1+ 64. Kg3 Re1 1/2-1/2

[Event "Chessable Masters Div 3 W"]
[Site "chess.com INT"]
[Date "2023.04.03"]
[Round "1.1"]
[White "Martinez Alcantara, Jose Eduardo"]
[Black "Mamedyarov, Shakhriyar"]
[Result "0-1"]
[WhiteTitle "GM"]
[BlackTitle "GM"]
[WhiteElo "2607"]
[BlackElo "2738"]
[WhiteFideId "3805662"]
[BlackFideId "13401319"]
[EventDate "2023.04.03"]
[EventType "k.o."]

1. e4 e5 2. Nf3 Nc6 3. Bb5 a6 4. Ba4 Nf6 5. d3 b5 6. Bb3 Bc5 7. c3 d6 8. Bg5 h6
9. Bh4 Ba7 10. Nbd2 g5 11. Bg3 Na5 12. Bc2 Nh5 13. Nf1 Be6 14. Ne3 Nxg3 15. hxg3
Bxe3 16. fxe3 c5 17. O-O h5 18. b4 cxb4 19. cxb4 Nc6 20. Bb3 Rc8 21. Bxe6 fxe6
22. Qb3 Kd7 23. a4 Rf8 24. axb5 axb5 25. Kh2 g4 26. Nh4 Qg5 27. d4 exd4 28. exd4
Rxf1 29. Rxf1 Nxd4 30. Qa2 Qg7 31. Qa1 Rc2 32. Kh1 Rc4 33. Rd1 Qe5 34. Qa7+ Rc7
35. Qxd4 Qxd4 36. Rxd4 Rc4 37. Rd1 Rxe4 38. Rb1 d5 39. Ng6 e5 40. Ra1 d4 41. Kg1
Kd6 42. Kf2 d3 43. Ra2 Kd5 44. Ne7+ Kc4 45. Nf5 Kb3 46. Ra8 Re2+ 47. Kf1 Kxb4
48. Rd8 e4 49. Nd4 Ra2 50. Ne6 Kc4 51. Nf4 b4 52. Rc8+ Kd4 53. Rb8 Ra1+ 0-1

[Event "Chessable Masters Div 3 W"]
[Site "chess.com INT"]
[Date "2023.04.03"]
[Round "1.2"]
[White "Mamedyarov, Shakhriyar"]
[Black "Martinez Alcantara, Jose Eduardo"]
[Result "1/2-1/2"]
[WhiteTitle "GM"]
[BlackTitle "GM"]
[WhiteElo "2738"]
[BlackElo "2607"]
[WhiteFideId "13401319"]
[BlackFideId "3805662"]
[EventDate "2023.04.03"]
[EventType "k.o."]

1. d4 Nf6 2. c4 e6 3. Nf3 Bb4+ 4. Nbd2 O-O 5. a3 Be7 6. e4 d6 7. Be2 a5 8. b3
Nfd7 9. Bb2 e5 10. O-O exd4 11. Nxd4 Bf6 12. Qc2 Nc6 13. N2f3 Re8 14. Rfe1 Nxd4
15. Nxd4 Nc5 16. Bf1 Bd7 17. Rad1 Bg4 18. f3 Bd7 19. Ne2 Bxb2 20. Qxb2 Qg5 21.
Nc3 Bc6 22. Qc2 Qe5 23. Kh1 Ne6 24. Nd5 Rac8 25. Qc3 Bxd5 26. Qxe5 dxe5 27. cxd5
Nd4 28. b4 axb4 29. axb4 Nc2 30. Re2 Nxb4 31. Rb2 c5 32. dxc6 Nxc6 33. Rxb7 Nd4
34. h4 g6 35. Ra1 Red8 36. Kh2 Rc2 37. Kg3 Ne6 38. Rb5 Rc5 39. Rxc5 Nxc5 40. Bc4
Rd7 41. Ra8+ Kg7 42. Rc8 Nb7 43. Bd5 Nd6 44. Rb8 Re7 45. Rb6 Ne8 46. Rb7 Rxb7
47. Bxb7 h6 48. Bc6 Nd6 49. Kf2 Kf6 50. Bd5 Ke7 51. Ke3 Ne8 52. g3 Nf6 53. Bc4
Nh5 54. Kf2 Kf6 55. Bd5 Ke7 56. Bc4 g5 57. hxg5 hxg5 58. Be2 Nf6 59. Ke3 Ne8 60.
f4 f6 61. Kf3 Nd6 62. Kg4 Nxe4 63. fxe5 fxe5 64. Kf5 Nxg3+ 65. Kxe5 Kf7 66. Bh5+
Kg7 67. Bg4 Kg6 68. Bd1 Nh5 69. Bc2+ Kh6 70. Bd1 Nf4 71. Kf5 Nd3 72. Be2 Nb4 73.
Bd1 Nc6 74. Bg4 Ne7+ 75. Ke6 Nc6 76. Kf5 Nb4 77. Be2 Nc2 78. Ke5 Ne3 79. Ke4 Ng2
80. Kf5 Nh4+ 81. Kf6 Ng6 82. Kf5 Ne7+ 83. Kf6 Nc6 84. Bd1 Nd4 85. Ke5 Nb5 86.
Kf6 Nc3 87. Bf3 Nb1 88. Bd1 Nd2 89. Be2 Ne4+ 90. Ke5 Ng3 91. Bd1 Kg6 92. Bf3 Nf1
93. Be2 Nd2 94. Bd1 Nc4+ 95. Ke6 Ne3 96. Be2 Ng2 97. Ke5 Nf4 98. Bd1 Nd3+ 99.
Ke6 Nf2 100. Be2 Ne4 101. Bd3 g4 102. Ke5 Kg5 103. Kxe4 g3 104. Kf3 g2 105. Kxg2 1/2-1/2

[Event "Chessable Masters Div 3 W"]
[Site "chess.com INT"]
[Date "2023.04.03"]
[Round "1.1"]
[White "Pantsulaia, Levan"]
[Black "Alekseenko, Kirill"]
[Result "1/2-1/2"]
[WhiteTitle "GM"]
[BlackTitle "GM"]
[WhiteElo "2597"]
[BlackElo "2686"]
[WhiteFideId "13602071"]
[BlackFideId "4135539"]
[EventDate "2023.04.03"]
[EventType "k.o."]

1. Nf3 d5 2. c4 d4 3. b4 f6 4. d3 e5 5. a3 a5 6. b5 Ne7 7. e3 dxe3 8. Bxe3 Nf5
9. Nc3 Be6 10. Be2 Nd7 11. Na4 Bd6 12. O-O Qe7 13. Qc1 Nc5 14. Nxc5 Bxc5 15. Ne1
b6 16. Nc2 Rd8 17. Qb2 O-O 18. Rad1 Nd4 19. Bxd4 Bxd4 20. Qc1 Qc5 21. Bf3 Rd7
22. Ne3 Bxe3 23. fxe3 f5 24. Kh1 Rfd8 25. Be2 g6 26. a4 Bf7 27. Rfe1 c6 28. Bf1
cxb5 29. axb5 Rc7 30. Qa1 Rcd7 31. h3 Re7 32. Qc3 Rc7 33. Qa1 Rcd7 34. Qc1 Rd6
35. Qa1 R6d7 36. Qc1 Qe7 37. d4 exd4 38. exd4 Qf6 39. c5 Rxd4 40. Rxd4 Qxd4 41.
c6 a4 42. c7 Rc8 43. Qc6 Qf4 44. Qxb6 Qxc7 45. Qa6 Qc3 46. b6 Qxe1 47. Qxc8+ Kg7
48. b7 Qxf1+ 49. Kh2 Qf4+ 50. Kg1 Qe3+ 51. Kh1 Qe1+ 52. Kh2 Qe5+ 53. Kh1 Qe1+
54. Kh2 Qe5+ 55. Kh1 Qe1+ 1/2-1/2

[Event "Chessable Masters Div 3 W"]
[Site "chess.com INT"]
[Date "2023.04.03"]
[Round "1.2"]
[White "Alekseenko, Kirill"]
[Black "Pantsulaia, Levan"]
[Result "0-1"]
[WhiteTitle "GM"]
[BlackTitle "GM"]
[WhiteElo "2686"]
[BlackElo "2597"]
[WhiteFideId "4135539"]
[BlackFideId "13602071"]
[EventDate "2023.04.03"]
[EventType "k.o."]

1. e4 c6 2. d4 d5 3. e5 Bf5 4. Nf3 e6 5. Be2 Nd7 6. O-O a5 7. Nc3 a4 8. Bd2 b5
9. b3 Nh6 10. Bd3 Bg4 11. h3 Bh5 12. g4 Bg6 13. Ne2 Be7 14. Ng3 O-O 15. Bxh6
gxh6 16. Qd2 Kg7 17. Rae1 axb3 18. axb3 Qa5 19. Qf4 f6 20. exf6+ Rxf6 21. Nf5+
Kh8 22. Kh1 Qd8 23. Qe3 Bb4 24. Nxh6 Bxd3 25. cxd3 Qf8 26. Ne5 Nxe5 27. Qxe5
Qxh6 28. g5 Qxh3+ 29. Kg1 Qg4+ 30. Kh1 Qf3+ 31. Kg1 Rg8 32. Re3 Qf4 33. Kh1 Rxg5
34. Ra1 Rxe5 0-1

[Event "Chessable Masters Div 3 W"]
[Site "chess.com INT"]
[Date "2023.04.03"]
[Round "1.1"]
[White "Rasulov, Vugar"]
[Black "Kamsky, Gata"]
[Result "0-1"]
[WhiteTitle "GM"]
[BlackTitle "GM"]
[WhiteElo "2510"]
[BlackElo "2665"]
[WhiteFideId "13402390"]
[BlackFideId "2000024"]
[EventDate "2023.04.03"]
[EventType "k.o."]

1. e4 e5 2. Nf3 Nc6 3. Bb5 a6 4. Bxc6 dxc6 5. O-O Qf6 6. d4 exd4 7. Bg5 Qd6 8.
Nxd4 Be7 9. Bxe7 Nxe7 10. Nc3 Bd7 11. Nde2 O-O-O 12. Qc1 Ng6 13. Qe3 Kb8 14.
Rad1 Qe7 15. b3 Bc8 16. h3 f6 17. f4 Rhe8 18. Ng3 b6 19. a4 a5 20. Nce2 c5 21.
c4 Rxd1 22. Rxd1 Rd8 23. Rd2 Re8 24. Nc3 Qf7 25. Nd5 Ne7 26. Nc3 Nc6 27. Nb5 Qe7
28. Kf2 g6 29. Nc3 Nd4 30. Nge2 Nc6 31. Nd5 Qf7 32. Qc3 Rf8 33. Rd3 Bb7 34. Kg1
Qe6 35. Re3 Qf7 36. Kh2 Qe6 37. Qe1 Nd4 38. Qg3 Nxe2 39. Rxe2 f5 40. Qd3 Re8 41.
e5 Rd8 42. Qc3 Bxd5 43. cxd5 Qxd5 44. e6 Qd4 45. Qf3 Qd6 46. Re5 Qe7 47. Rd5 Re8
48. Qe3 Kc8 49. Qe2 Qf6 50. Re5 Qe7 51. Qf3 Kb8 52. Qc6 Rc8 53. Qd7 Re8 54. Qc6
Rc8 55. Rd5 Qh4 56. g3 Qf6 57. Rd2 h5 58. h4 Qc3 59. Qd7 Kb7 60. e7 Re8 61. Re2
Qf3 62. Qe6 Qc6 63. Qf7 Qf3 64. Rg2 Qc6 65. Rd2 Ka7 66. Re2 Qf3 67. Qe6 Kb7 68.
Rd2 Qe4 69. Qxg6 Rxe7 70. Qxh5 Rg7 71. Rg2 Qd5 72. Qh6 Rd7 73. Qf6 Rf7 74. Qg6
Re7 75. h5 Re1 76. Kh3 Qd1 77. Qxf5 Rh1+ 78. Rh2 Qf1+ 79. Kg4 Rxh2 80. Qd5+ Ka7
81. Qe5 Qd1+ 0-1

[Event "Chessable Masters Div 3 W"]
[Site "chess.com INT"]
[Date "2023.04.03"]
[Round "1.2"]
[White "Kamsky, Gata"]
[Black "Rasulov, Vugar"]
[Result "1/2-1/2"]
[WhiteTitle "GM"]
[BlackTitle "GM"]
[WhiteElo "2665"]
[BlackElo "2510"]
[WhiteFideId "2000024"]
[BlackFideId "13402390"]
[EventDate "2023.04.03"]
[EventType "k.o."]

1. d4 d5 2. Nf3 Nf6 3. c4 e6 4. g3 Be7 5. Bg2 O-O 6. O-O dxc4 7. Qc2 b5 8. a4
Bb7 9. axb5 a6 10. bxa6 Nxa6 11. Qxc4 Bd5 12. Qc3 c5 13. dxc5 Ne4 14. Qe1 Bxc5
15. Nc3 Nxc3 16. bxc3 Bb6 17. Ba3 Re8 18. Qb1 Rb8 19. Qd3 Nc5 20. Bxc5 Bxc5 21.
c4 Bc6 22. Qxd8 Rexd8 23. Ne5 Be8 24. Nc6 Bxc6 25. Bxc6 Rd2 26. Bf3 f5 27. Rfd1
Rxd1+ 28. Rxd1 Kf7 29. Rd7+ Kf6 30. Bb7 e5 31. Rc7 Bb4 32. Bd5 Bf8 33. h4 e4 34.
e3 g6 35. Rf7+ Ke5 36. Rxh7 Rb2 37. Rb7 Rxb7 38. Bxb7 Bb4 39. Bc6 Kf6 40. Be8
Bc5 41. Kg2 Bb4 42. g4 fxg4 43. Kg3 Be1 44. Bc6 Ke5 45. Bd7 Bb4 46. Kxg4 Be1 47.
Kg3 Bb4 48. Be8 Kf5 49. Bf7 Bd6+ 50. Kh3 Bb4 51. Bg8 Kf6 52. Kg3 Bd6+ 53. Kg4
Bb4 54. Kf4 Be1 55. c5 Bxf2 56. c6 Ke7 57. Kxe4 Bxh4 58. Bh7 Kd6 59. Bxg6 Kxc6
60. Ke5 Kd7 61. Kd5 Ke7 62. e4 Bf6 63. e5 Bxe5 1/2-1/2

[Event "Chessable Masters Div 3 W"]
[Site "chess.com INT"]
[Date "2023.04.03"]
[Round "1.2"]
[White "Wei, Yi"]
[Black "Kravtsiv, Martyn"]
[Result "1-0"]
[WhiteTitle "GM"]
[BlackTitle "GM"]
[WhiteElo "2722"]
[BlackElo "2598"]
[WhiteFideId "8603405"]
[BlackFideId "14113147"]
[EventDate "2023.04.03"]
[EventType "k.o."]

1. c4 e6 2. Nc3 d5 3. d4 Nf6 4. cxd5 Nxd5 5. e4 Nxc3 6. bxc3 c5 7. Rb1 Be7 8.
Nf3 O-O 9. h4 b6 10. h5 Bb7 11. h6 g6 12. Bd3 Nc6 13. Bb5 cxd4 14. cxd4 Rc8 15.
O-O Nb4 16. Qe2 Nc2 17. d5 exd5 18. exd5 Bxd5 19. Rd1 Bf6 20. Ne5 Rc5 21. Bb2
Bh8 22. Nd7 Re8 23. Nf6+ Bxf6 24. Bxe8 Bxb2 25. Rxb2 Qg5 26. Rxd5 Qc1+ 27. Rd1
Qxb2 28. Qe7 Rf5 29. Bxf7+ 1-0

[Event "Chessable Masters Div 3 W"]
[Site "chess.com INT"]
[Date "2023.04.03"]
[Round "1.3"]
[White "Wei, Yi"]
[Black "Kravtsiv, Martyn"]
[Result "1-0"]
[WhiteTitle "GM"]
[BlackTitle "GM"]
[WhiteElo "2722"]
[BlackElo "2598"]
[WhiteFideId "8603405"]
[BlackFideId "14113147"]
[EventDate "2023.04.03"]
[EventType "k.o."]

1. c4 e6 2. Nc3 d5 3. d4 Nf6 4. cxd5 Nxd5 5. e4 Nxc3 6. bxc3 c5 7. Rb1 Be7 8.
Nf3 O-O 9. h4 b6 10. h5 Bb7 11. h6 g6 12. Bd3 Nc6 13. Bb5 cxd4 14. cxd4 Rc8 15.
O-O a6 16. Be2 Nb4 17. d5 Nxa2 18. Bb2 Bf6 19. Bxf6 Qxf6 20. Rxb6 Nc3 21. Qe1
Rb8 22. dxe6 Nxe4 23. exf7+ Qxf7 24. Ne5 Qe7 25. Bc4+ Kh8 26. Qa1 Nf6 27. Nf7+
Rxf7 28. Bxf7 1-0

[Event "Chessable Masters Div 3 W"]
[Site "chess.com INT"]
[Date "2023.04.03"]
[Round "1.1"]
[White "Salem, A.R. Saleh"]
[Black "Malakhov, Vladimir"]
[Result "1-0"]
[WhiteTitle "GM"]
[BlackTitle "GM"]
[WhiteElo "2677"]
[BlackElo "2650"]
[WhiteFideId "9301348"]
[BlackFideId "4120787"]
[EventDate "2023.04.03"]
[EventType "k.o."]

1. d4 d5 2. c4 e6 3. Nf3 Nf6 4. g3 Be7 5. Bg2 O-O 6. O-O c6 7. Nc3 b6 8. b3 Nbd7
9. Qd3 Bb7 10. Bb2 c5 11. cxd5 Nxd5 12. Nxd5 Bxd5 13. Rfd1 cxd4 14. Nxd4 Nc5 15.
Qe3 Bg5 16. f4 Bf6 17. Rac1 Bxg2 18. Kxg2 Qe7 19. Ba3 Rac8 20. Nf3 Rc7 21. Rc4
Rfc8 22. Rdc1 Qd6 23. b4 Nb7 24. b5 Rxc4 25. Rxc4 Qd7 26. Rxc8+ Qxc8 27. Qe4 h6
28. Qc6 Qb8 29. Bb4 Na5 30. Bxa5 bxa5 31. a4 g6 32. Nd2 Qb6 33. Nc4 Qd4 34. Nd6
Kg7 35. Qd7 h5 36. Qxf7+ Kh6 37. Qxe6 Kh7 38. Ne4 Bd8 39. f5 gxf5 40. Qxf5+ Kh6
41. Qe6+ Kg7 42. Nd6 Qd2 43. Qd7+ Kg8 44. Qxd8+ 1-0

[Event "Chessable Masters Div 3 W"]
[Site "chess.com INT"]
[Date "2023.04.03"]
[Round "1.2"]
[White "Malakhov, Vladimir"]
[Black "Salem, A.R. Saleh"]
[Result "1-0"]
[WhiteTitle "GM"]
[BlackTitle "GM"]
[WhiteElo "2650"]
[BlackElo "2677"]
[WhiteFideId "4120787"]
[BlackFideId "9301348"]
[EventDate "2023.04.03"]
[EventType "k.o."]

1. e4 e5 2. Nf3 Nc6 3. Bc4 Nf6 4. d3 Bc5 5. O-O O-O 6. h3 d6 7. c3 a6 8. a4 Ba7
9. Nbd2 h6 10. Re1 Re8 11. b4 Be6 12. Bxe6 Rxe6 13. Qc2 Qd7 14. Nf1 d5 15. Be3
Bxe3 16. Nxe3 Rae8 17. b5 Ne7 18. c4 d4 19. Nd5 Ng6 20. Rab1 axb5 21. Rxb5 c6
22. Nb6 Qe7 23. Rb2 Nh7 24. g3 Rf6 25. Kg2 Nhf8 26. Ng1 Ne6 27. a5 Ngf4+ 28. Kh2
Rg6 29. c5 h5 30. Nc4 Qxc5 31. Rxb7 h4 32. gxf4 Nxf4 33. Nf3 Ree6 34. a6 Rg2+
35. Kh1 Reg6 36. a7 Nxh3 37. a8=Q+ Kh7 38. Rb8 1-0

[Event "Chessable Masters Div 3 W"]
[Site "chess.com INT"]
[Date "2023.04.03"]
[Round "1.3"]
[White "Malakhov, Vladimir"]
[Black "Salem, A.R. Saleh"]
[Result "0-1"]
[WhiteTitle "GM"]
[BlackTitle "GM"]
[WhiteElo "2650"]
[BlackElo "2677"]
[WhiteFideId "4120787"]
[BlackFideId "9301348"]
[EventDate "2023.04.03"]
[EventType "k.o."]

1. e4 e5 2. Nf3 Nc6 3. Bc4 Nf6 4. d3 Bc5 5. O-O d6 6. h3 O-O 7. c3 a6 8. a4 Ba7
9. Nbd2 h6 10. Re1 Re8 11. b4 Be6 12. Bxe6 Rxe6 13. Bb2 Ne7 14. d4 Ng6 15. c4 a5
16. b5 Nh7 17. c5 Nf4 18. Nf1 dxc5 19. dxe5 Nd3 20. Re2 c4 21. Ne3 Bxe3 22. fxe3
Ng5 23. Nxg5 Qxg5 24. Qc2 Nxb2 25. Qxb2 Qxe5 26. Qa2 Qxe4 27. Rc1 Rd8 28. Rxc4
Rd1+ 29. Kh2 Qe5+ 30. g3 Qd5 31. e4 Qd3 32. Qc2 c6 33. Kg2 h5 34. Qxd3 Rxd3 35.
Rb2 Rg6 36. g4 hxg4 37. h4 Rgd6 38. Rc5 Rd2+ 39. Rxd2 Rxd2+ 40. Kg3 Rd4 41. bxc6
bxc6 42. Rxa5 Rxe4 43. Ra7 f5 44. h5 Kh7 45. Kh4 Kh6 46. Ra8 g3+ 47. Kxg3 Kxh5
48. a5 Ra4 49. a6 Kg5 50. Kf3 Ra3+ 51. Kf2 f4 52. Rg8 g6 53. Ra8 Kg4 54. a7 g5
55. Kg2 Ra2+ 56. Kf1 Kf3 57. Ke1 g4 0-1

[Event "Chessable Masters Div 3 W"]
[Site "chess.com INT"]
[Date "2023.04.03"]
[Round "1.1"]
[White "Svane, Rasmus"]
[Black "Frolyanov, Dmitry"]
[Result "1-0"]
[WhiteTitle "GM"]
[BlackTitle "GM"]
[WhiteElo "2621"]
[BlackElo "2491"]
[WhiteFideId "4657101"]
[BlackFideId "4151976"]
[EventDate "2023.04.03"]
[EventType "k.o."]

1. c4 e6 2. g3 d5 3. Bg2 Nf6 4. Nf3 dxc4 5. Qa4+ Nbd7 6. Qxc4 a6 7. Qc2 c5 8.
Nc3 Be7 9. O-O O-O 10. d4 cxd4 11. Nxd4 Nb6 12. Rd1 Qc7 13. Be3 Bd7 14. Rac1
Rac8 15. Qb3 Nc4 16. Bg5 b5 17. Ne4 e5 18. Bxf6 gxf6 19. Nc2 Be6 20. Qc3 Qb8 21.
b3 b4 22. Qa1 Nb6 23. Ne3 f5 24. Nd2 Bf6 25. Ndc4 Nxc4 26. bxc4 Bg7 27. Qb1 e4
28. Nd5 Kh8 29. Qb3 a5 30. e3 Qa7 31. Bf1 Qc5 32. Nf4 Rfd8 33. Nxe6 fxe6 34.
Rxd8+ Rxd8 35. Rd1 Rxd1 36. Qxd1 Qc7 37. Qa4 Bf8 38. Be2 Kg7 39. Kg2 Be7 40. Bh5
Qd8 41. Qc6 Qd6 42. Qe8 Kh6 43. h4 e5 44. Bf7 Qf6 45. Bd5 Qf8 46. Qb5 Qd8 47.
Be6 Qd1 48. Qxe5 Qf3+ 49. Kg1 Bxh4 50. gxh4 Qd1+ 51. Kh2 1-0

[Event "Chessable Masters Div 3 W"]
[Site "chess.com INT"]
[Date "2023.04.03"]
[Round "1.2"]
[White "Frolyanov, Dmitry"]
[Black "Svane, Rasmus"]
[Result "1-0"]
[WhiteTitle "GM"]
[BlackTitle "GM"]
[WhiteElo "2491"]
[BlackElo "2621"]
[WhiteFideId "4151976"]
[BlackFideId "4657101"]
[EventDate "2023.04.03"]
[EventType "k.o."]

1. d4 Nf6 2. c4 e6 3. Nf3 d5 4. g3 Bb4+ 5. Bd2 a5 6. Bg2 O-O 7. Qc2 Be7 8. O-O
c6 9. Rd1 Nbd7 10. Bf4 a4 11. Nbd2 Nh5 12. Be3 f5 13. Ne1 Bd6 14. Nd3 Qf6 15.
Nf3 h6 16. Nfe5 g5 17. cxd5 exd5 18. f4 Nb6 19. fxg5 hxg5 20. Rf1 Be6 21. Nc5
Bxc5 22. Qxc5 Nd7 23. Qd6 Nxe5 24. dxe5 Qg6 25. Bxg5 Qxg5 26. Qxe6+ Kg7 27. Rf3
Rae8 28. Qd6 Qe7 29. Raf1 Qxe5 30. Qb4 b5 31. Qh4 Kg6 32. g4 Ng7 33. gxf5+ Rxf5
34. Rxf5 Nxf5 35. Qg4+ Kf6 36. Bh3 Qe3+ 37. Kh1 Qe4+ 38. Qxe4 Rxe4 39. Bxf5 Rb4
40. Bc2+ Ke5 41. b3 axb3 42. axb3 c5 43. h3 Rd4 44. Rd1 Rf4 45. Kg2 c4 46. bxc4
dxc4 47. Rb1 Kd4 48. Rxb5 Kc3 49. Bb1 Kd2 50. Kg3 Rf1 51. e4 c3 52. e5 Ke3 53.
Kg4 Kd4 54. h4 Kc4 55. Rb8 Kd5 56. Rb5+ Ke6 57. h5 Rg1+ 58. Kf4 Rf1+ 59. Kg5
Rg1+ 60. Kh6 Re1 61. Kg7 Rg1+ 62. Kh7 Rg2 63. Bg6 c2 64. Rc5 c1=Q 65. Rxc1 Kxe5
66. h6 Ra2 67. Kg7 1-0

[Event "Chessable Masters Div 3 W"]
[Site "chess.com INT"]
[Date "2023.04.03"]
[Round "1.3"]
[White "Svane, Rasmus"]
[Black "Frolyanov, Dmitry"]
[Result "1-0"]
[WhiteTitle "GM"]
[BlackTitle "GM"]
[WhiteElo "2621"]
[BlackElo "2491"]
[WhiteFideId "4657101"]
[BlackFideId "4151976"]
[EventDate "2023.04.03"]
[EventType "k.o."]

1. Nf3 d5 2. d4 Nf6 3. c4 e6 4. Nc3 dxc4 5. e4 Bb4 6. Bxc4 Nxe4 7. O-O Nf6 8.
Qa4+ Nc6 9. Ne5 Rb8 10. Rd1 O-O 11. Bg5 Be7 12. Nxc6 bxc6 13. Qxc6 Rxb2 14. Bb3
Ng4 15. Bxe7 Qxe7 16. Na4 Rxf2 17. h3 Bd7 18. Qxc7 Rxg2+ 19. Kxg2 Ne3+ 20. Kh2
Nxd1 21. Rxd1 Rc8 22. Qf4 Qb4 23. Rf1 Rf8 24. Nc5 Bc8 25. Rg1 g6 26. Ne4 f5 27.
Ng5 Re8 28. Qc7 Qe7 29. Qxe7 Rxe7 30. Re1 h6 31. Nxe6 1-0